Fisiología
Gespeichert in:
| Hauptverfasser: | , |
|---|---|
| Format: | Buch |
| Sprache: | Spanisch |
| Veröffentlicht: |
Madrid, España
Mosby Jear Book
1992
|
| Schlagworte: | |
| Tags: |
Tag hinzufügen
Keine Tags, Fügen Sie den ersten Tag hinzu!
|
MARC
| LEADER | 00000nam a2200000 a 4500 | ||
|---|---|---|---|
| 001 | UCY1835 | ||
| 003 | CL-VaPUC | ||
| 005 | 20241121094921.0 | ||
| 008 | 940922e19920000SP |||||||||||||||||spa|d | ||
| 999 | |c 230419 |d 230417 | ||
| 040 | |c Pontificia Universidad Católica de Valparaíso | ||
| 082 | 0 | 4 | |a 612 BER 1992 |2 21 |
| 100 | 0 | |a Berne, Robert M |9 329865 | |
| 245 | 1 | 0 | |a Fisiología |
| 260 | 0 | 3 | |a Madrid, España |b Mosby Jear Book |c 1992 |
| 300 | |a 689 páginas | ||
| 583 | |a last modification |c 19940922 00:00:00 |k Rodrigo Vera | ||
| 650 | 7 | |a FISIOLOGIA |2 CL-VaPUC |9 329867 | |
| 650 | 0 | |a Fisiología celular |9 261425 | |
| 650 | 0 | |a Sistema nervioso |9 266815 | |
| 650 | 0 | |a Músculos |9 269552 | |
| 650 | 7 | |a SISTEMA CARDIOVASCULAR |2 CL-VaPUC |9 329868 | |
| 650 | 0 | |a Sistema respiratorio |9 329869 | |
| 650 | 7 | |a SISTEMA DIGESTIVO |2 CL-VaPUC |9 329870 | |
| 650 | 7 | |a SISTEMA ENDOCRINO |2 CL-VaPUC |9 329871 | |
| 700 | |a Levy, Matthew N |e author |9 603088 | ||
| 942 | |c BK |2 ddc | ||
| 945 | |d 19940922 00:00:00 |a mfernand | ||
| 952 | |0 0 |1 0 |2 ddc |4 0 |6 612_000000000000000_BER_1992 |7 0 |8 R |9 232660 |a BIBEDU |b BIBEDU |d 2019-11-15 |i 3041549 |o 612 BER 1992 |p 3041549 |r 2023-01-13 |t 9 |w 2019-11-15 |y BK_R |k EFI | ||
| 952 | |0 0 |1 0 |2 ddc |4 0 |6 612_000000000000000_BER_1992 |7 0 |8 A |9 232663 |a BIBCUR |b BIBCUR |c PAC |d 2019-11-15 |i 3221814 |o 612 BER 1992 |p 3221814 |r 2025-04-22 |t 3 |w 2019-11-15 |y BK |k BCB | ||
| 952 | |0 0 |1 0 |2 ddc |4 0 |6 612_000000000000000_BER_1992 |7 0 |8 R |9 232669 |a BIBEDU |b BIBEDU |c MCIRC |d 2019-11-15 |i 334259K |o 612 BER 1992 |p 334259K |r 2023-01-13 |t 10 |w 2019-11-15 |y BK_R |k EFI | ||
| 952 | |0 0 |1 0 |2 ddc |4 0 |6 612_000000000000000_BER_1992 |7 0 |8 R |9 232670 |a BIBEDU |b BIBEDU |d 2019-11-15 |i 3342581 |o 612 BER 1992 |p 3342581 |r 2023-01-13 |t 11 |w 2019-11-15 |y BK_R |k EFI | ||